EA FC26 All Gold Italy Players - Statistics

General Stats
  • This quiz has been taken 46 times
  • The average score is 37 of 82
Answer Stats
Rate Club Answer % Correct
89 Man City Gianluigi Donnarumma
100%
87 Inter Nicolo Barella
100%
86 Newcastle Sandro Tonali
100%
87 Inter Alessandro Bastoni
97%
81 Liverpool Federico Chiesa
91%
85 Inter Federico Dimarco
86%
83 Napoli Giovanni Di Lorenzo
86%
82 Spurs Guglielmo Vicario
86%
84 Inter Francesco Acerbi
80%
83 Fiorentina Moise Kean
80%
82 Napoli Alex Meret
77%
84 Juventus Manuel Locatelli
77%
83 Al Qadsiah Mateo Retegui
77%
80 Spurs Destiny Udogie
74%
82 Sassuolo Domenico Berardi
74%
80 AS Roma Lorenzo Pellegrini
74%
78 Arsenal Riccardo Calafiori
74%
83 AS Roma Gianluca Mancini
69%
82 Napoli Alessandro Buongiorno
66%
82 Lazio Alessio Romagnoli
66%
81 Inter Davide Frattesi
66%
78 Atletico Madrid Giacomo Raspadori
66%
79 Atalanta Gianluca Scamacca
63%
84 Lazio Mattia Zaccagni
63%
80 Juventus Federico Gatti
60%
81 Napoli Matteo Politano
60%
79 AS Roma Stephan El Shaarawy
60%
80 Freiburg Vincenzo Grifo
60%
80 AS Roma Bryan Cristante
57%
78 Bologna Ciro Immobile
57%
82 Bologna Riccardo Orsolini
57%
82 Lazio Ivan Provedel
54%
81 Inter Matteo Darmian
54%
84 Atalanta Marco Carnesecchi
51%
78 Milan Matteo Gabbia
51%
75 Atletico Madrid Matteo Ruggeri
51%
79 Lazio Nicolo Rovella
51%
79 Juventus Andrea Cambiaso
49%
77 Atalanta Giorgio Scalvini
49%
81 Juventus Michele Di Gregorio
49%
79 Atalanta Davide Zappacosta
43%
77 Fiorentina Nicolo Fagioli
43%
78 Napoli Leonardo Spinazzola
40%
75 Cagliari Sebastiano Esposito
40%
78 Milan Samuele Ricci
37%
75 Juventus Daniele Rugani
34%
76 Napoli Lorenzo Lucca
34%
78 Juventus Mattia Perin
34%
76 Udinese Nicolo Zaniolo
34%
81 Lecce Wladimiro Falcone
34%
78 Panathinaikos Davide Calabria
31%
77 Fiorentina Rolando Mandragora
31%
77 Cagliari Andrea Belotti
29%
76 Fiorentina Luca Ranieri
29%
75 AS Roma Tommaso Baldanzi
29%
78 Torino Cristiano Biraghi
26%
77 Lazio Danilo Cataldi
26%
75 Cremonese Federico Baschirotto
26%
78 Atalanta Raoul Bellanova
26%
78 Lazio Manuel Lazzari
23%
76 Monza Matteo Pessina
23%
75 Fiorentina Roberto Piccoli
23%
78 Monza Andrea Colpani
20%
75 Lecce Antonino Gallo
17%
77 Marseille Emerson
17%
75 Firoentina Fabiano Parisi
17%
77 Bologna Federico Bernardeschi
17%
75 Rayo Vallecano Luiz Felipe
17%
76 Atalanta Marco Sportiello
17%
75 Cagliari Michael Folorunsho
17%
78 Milan Pietro Terracciano
17%
75 Parma Emanuele Valeri
14%
75 Parma Enrico Delprato
14%
76 Hellas Verona Lorenzo Montipo
14%
75 Olympiacos Lorenzo Pirola
14%
75 Bologna Nicolo Casale
14%
76 Cagliari Elia Caprile
11%
75 Parma Patrick Cutrone
11%
76 Cagliari Sebastiano Luperto
11%
75 Sassuolo Andrea Pinamonti
9%
75 Lecce Riccardo Sottil
9%
75 Fiorentina Nicolussi Caviglia
3%
No matching quizzes found
Score Distribution
Percent of People with Each Score
Percentile by Number Answered
Your Score History
You have not taken this quiz